KOHA-Header-6

Solution Manual Cost Accounting Planning and Control (Record no. 8261)

000 -LEADER
fixed length control field 00284nam a2200109Ia 4500
100 ## - MAIN ENTRY--AUTHOR NAME
Personal name Milton F.Usry
245 #0 - TITLE STATEMENT
Title Solution Manual Cost Accounting Planning and Control
260 ## - PUBLICATION, DISTRIBUTION, ETC. (IMPRINT)
Place of publication India
Name of publisher Pearson
Year of publication 2000
300 ## - PHYSICAL DESCRIPTION
Number of Pages 994
942 ## - ADDED ENTRY ELEMENTS (KOHA)
Koha item type Books
Holdings
Withdrawn status Lost status Collection code Permanent Location Current Location Shelving location Date acquired Full call number Accession Number Koha item type
      MAJU MAJU   2019-09-13 658.15 2854 Accounting

Powered by Koha